In depth : variance in valuations (Record no. 102180)

MARC details
000 -LEADER
fixed length control field 00595cam a2200217 4500
001 - CONTROL NUMBER
control field J118796
008 - FIXED-LENGTH DATA ELEMENTS--GENERAL INFORMATION
fixed length control field #DATE n2002 000 0 eng u
035 ## - SYSTEM CONTROL NUMBER
System control number (Sirsi) u118796
041 ## - LANGUAGE CODE
Language code of text/sound track or separate title eng
050 ## - LIBRARY OF CONGRESS CALL NUMBER
Classification number 333.332
110 ## - MAIN ENTRY--CORPORATE NAME
Corporate name or jurisdiction name as entry element Drivers Jonas
9 (RLIN) 1941
245 ## - TITLE STATEMENT
Title In depth : variance in valuations
260 ## - PUBLICATION, DISTRIBUTION, ETC.
Place of publication, distribution, etc. London
Name of publisher, distributor, etc. Drivers Jonas
Date of publication, distribution, etc. 2002
300 ## - PHYSICAL DESCRIPTION
Extent (4)p.
Dimensions 30cm.
350 ## - PRICE (NR) (BK AM CF MU VM SE) [OBSOLETE]
Price 0
650 ## - SUBJECT ADDED ENTRY--TOPICAL TERM
Topical term or geographic name entry element PROPERTY INVESTMENT
650 ## - SUBJECT ADDED ENTRY--TOPICAL TERM
Topical term or geographic name entry element PROPERTY PERFORMANCE MEASUREMENT
690 ## - LOCAL SUBJECT ADDED ENTRY--TOPICAL TERM (OCLC, RLIN)
Topical term or geographic name as entry element PROPERTY-PROPERTY APPRAISAL AND VALUATION
710 ## - ADDED ENTRY--CORPORATE NAME
Corporate name or jurisdiction name as entry element Investment Property Databank
9 (RLIN) 2288
942 ## - ADDED ENTRY ELEMENTS (KOHA)
Suppress in OPAC 0
Holdings
Withdrawn status Lost status Source of classification or shelving scheme Damaged status Not for loan Home library Current library Shelving location Date acquired Total Checkouts Full call number Barcode Date last seen Copy number Price effective from Koha item type
    Dewey Decimal Classification     London London Basement 12/07/2002   BASEMENT 30066232 06/08/2019 1 06/08/2019 Book